<?xml version="1.0" encoding="UTF-8"?>
<record
    xmlns:xsi="http://www.w3.org/2001/XMLSchema-instance"
    xsi:schemaLocation="http://www.loc.gov/MARC21/slim http://www.loc.gov/standards/marcxml/schema/MARC21slim.xsd"
    xmlns="http://www.loc.gov/MARC21/slim">

  <leader>00411    a2200133   4500</leader>
  <controlfield tag="005">20250606081928.0</controlfield>
  <datafield tag="020" ind1=" " ind2=" ">
    <subfield code="a">978-981-10-9457-6</subfield>
  </datafield>
  <datafield tag="082" ind1=" " ind2=" ">
    <subfield code="a">658.8 SEG</subfield>
  </datafield>
  <datafield tag="245" ind1=" " ind2=" ">
    <subfield code="a">Segment in Social Market: Process, Methos and Application.</subfield>
  </datafield>
  <datafield tag="260" ind1=" " ind2=" ">
    <subfield code="a">Singapore,</subfield>
    <subfield code="b">Springer,</subfield>
    <subfield code="c">2016.</subfield>
  </datafield>
  <datafield tag="300" ind1=" " ind2=" ">
    <subfield code="a">v,197p.; ill.; picture, figure.</subfield>
    <subfield code="b">References.</subfield>
    <subfield code="c">23cm.</subfield>
  </datafield>
  <datafield tag="700" ind1=" " ind2=" ">
    <subfield code="a">DIETRICH, T. &amp; THIELE, S. &amp; KUBACKI, K.</subfield>
  </datafield>
  <datafield tag="942" ind1=" " ind2=" ">
    <subfield code="2">ddc</subfield>
    <subfield code="c">BKS</subfield>
  </datafield>
  <datafield tag="999" ind1=" " ind2=" ">
    <subfield code="c">3277</subfield>
    <subfield code="d">3277</subfield>
  </datafield>
  <datafield tag="952" ind1=" " ind2=" ">
    <subfield code="r">2025-06-06 08:22:01</subfield>
    <subfield code="l">0</subfield>
    <subfield code="o">658.6 SEG</subfield>
    <subfield code="p">DOM000102</subfield>
    <subfield code="v">798336.00</subfield>
    <subfield code="w">2025-06-06</subfield>
    <subfield code="y">BKS</subfield>
    <subfield code="1">0</subfield>
    <subfield code="2">ddc</subfield>
    <subfield code="4">0</subfield>
    <subfield code="7">0</subfield>
    <subfield code="0">0</subfield>
    <subfield code="a">004</subfield>
    <subfield code="b">004</subfield>
    <subfield code="c">SPECIAL</subfield>
    <subfield code="d">2025-06-06</subfield>
    <subfield code="g">266112.00</subfield>
  </datafield>
</record>
